[Event "Hessen-ch Seniors op 10th"]
[Site "Bad Sooden-Allendorf"]
[Date "2014.05.03"]
[Round "8"]
[White "Schumacher, Ursula"]
[Black "Kynast, Reinhard"]
[Result "1-0"]
[WhiteElo "1629"]
[BlackElo "1867"]
[PlyCount "79"]
[EventDate "2014.04.26"]
[EventType "swiss"]
[EventRounds "9"]
[EventCountry "GER"]
[SourceTitle "EXT 2018"]
[Source "ChessBase"]
[SourceDate "2017.10.13"]
[SourceVersion "1"]
[SourceVersionDate "2017.10.13"]
[SourceQuality "1"]

1. c4 Nf6 2. Nc3 d5 3. cxd5 Nxd5 4. Nf3 c5 5. g3 Nc6 6. Bg2 Nxc3 7. bxc3 e5 8. d3 Be7 9. 0-0 0-0 10. Rb1 Qa5 11. Qc2 Rd8 12. Bd2 Qc7 13. Rfd1 Bf5 14. Be1 Rac8 15. Nd2 b6 16. Qa4 Bd7 17. Qc2 Bg4 18. Nf1 Rd6 19. Ne3 Be6 20. Qa4 Rd7 21. h3 f5 22. Bxc6 Qxc6 23. Qxc6 Rxc6 24. c4 Rcd6 25. Bc3 Bf6 26. Kh2 h5 27. h4 Kf7 28. a4 g6 29. a5 e4 30. Bxf6 Kxf6 31. axb6 axb6 32. Rb3 Rd8 33. f4 exf3 34. exf3 Ra8 35. Rdb1 Ra2+ 36. Kg1 Re2 37. Ng2 b5 38. Rxb5 Rd2 39. Nf4 Bd7 40. Rxc5 1-0

[Event "Hessen-ch Seniors op 10th"]
[Site "Bad Sooden-Allendorf"]
[Date "2014.04.28"]
[Round "3"]
[White "Juergens, Peter1"]
[Black "Kynast, Reinhard"]
[Result "1/2-1/2"]
[WhiteElo "2035"]
[BlackElo "1867"]
[PlyCount "51"]
[EventDate "2014.04.26"]
[EventType "swiss"]
[EventRounds "9"]
[EventCountry "GER"]
[SourceTitle "EXT 2018"]
[Source "ChessBase"]
[SourceDate "2017.10.13"]
[SourceVersion "1"]
[SourceVersionDate "2017.10.13"]
[SourceQuality "1"]

1. d4 Nf6 2. Nf3 g6 3. Bf4 d5 4. e3 Bg7 5. Be2 0-0 6. 0-0 c5 7. c3 cxd4 8. exd4 Qb6 9. Qb3 Qxb3 10. axb3 Nc6 11. h3 Re8 12. Nbd2 Nh5 13. Bc7 a6 14. Rfe1 Bd7 15. Bf1 Rac8 16. Bb6 e5 17. dxe5 Nxe5 18. Bd4 Nc6 19. Bxg7 Kxg7 20. g3 Nf6 21. b4 Rxe1 22. Rxe1 Re8 23. Rxe8 Nxe8 24. Nb3 Nd6 25. Kg2 Nc4 26. Nc5 1/2-1/2

[Event "Hessen-ch Seniors op 09th"]
[Site "Bad Sooden-Allendorf"]
[Date "2013.04.27"]
[Round "8"]
[White "Rollwitz, Inge"]
[Black "Kynast, Reinhard"]
[Result "0-1"]
[WhiteElo "1495"]
[BlackElo "1924"]
[PlyCount "79"]
[EventDate "2013.04.20"]
[EventType "swiss"]
[EventRounds "9"]
[EventCountry "GER"]
[SourceTitle "EXT 2019"]
[Source "ChessBase"]
[SourceDate "2018.10.10"]
[SourceVersion "1"]
[SourceVersionDate "2018.10.10"]
[SourceQuality "1"]

1. d4 Nf6 2. g3 e6 3. a3 d5 4. Bg2 c5 5. c3 Nc6 6. Nf3 Bd6 7. Bg5 0-0 8. 0-0 h6 9. Bxf6 Qxf6 10. e3 b6 11. b3 Bb7 12. Nbd2 Rfc8 13. Rc1 cxd4 14. b4 dxe3 15. fxe3 Qe7 16. Nd4 a6 17. N2f3 Ne5 18. Qd2 Nc4 19. Qf2 Nxa3 20. Nc2 Rxc3 21. Rfe1 Re8 22. Nfd4 Bxb4 23. Red1 Nxc2 24. Rxc2 Rxc2 25. Nxc2 Bc5 26. Rf1 e5 27. Bh3 Rd8 28. Re1 d4 29. exd4 Bxd4 30. Nxd4 Qc5 31. Bg2 Bxg2 32. Kxg2 Qxd4 33. Qe2 Qd2 34. Kf1 Qxe2+ 35. Rxe2 f6 36. Rc2 Rd6 37. Ke2 Kf7 38. Rc4 Kg6 39. Ke3 f5 40. Rc7 0-1

[Event "Hessen-ch Seniors op 09th"]
[Site "Bad Sooden-Allendorf"]
[Date "2013.04.25"]
[Round "6"]
[White "Schumacher, Ursula"]
[Black "Kynast, Reinhard"]
[Result "1-0"]
[WhiteElo "1649"]
[BlackElo "1924"]
[PlyCount "83"]
[EventDate "2013.04.20"]
[EventType "swiss"]
[EventRounds "9"]
[EventCountry "GER"]
[SourceTitle "EXT 2019"]
[Source "ChessBase"]
[SourceDate "2018.10.10"]
[SourceVersion "1"]
[SourceVersionDate "2018.10.10"]
[SourceQuality "1"]

1. c4 e5 2. Nc3 f5 3. d3 c6 4. Nf3 d6 5. e3 Nf6 6. g3 Be7 7. Bg2 0-0 8. 0-0 Bd7 9. b3 Be8 10. Rb1 Nbd7 11. b4 h6 12. a3 Qc7 13. Nd2 Bh5 14. f3 d5 15. Qb3 Bf7 16. Qb2 Rab8 17. c5 Rfe8 18. e4 Bg6 19. Qb3 Bf7 20. Qc2 f4 21. Nb3 b6 22. Nd1 fxg3 23. hxg3 bxc5 24. bxc5 Nxc5 25. Nxc5 Bxc5+ 26. Kh1 Rxb1 27. Qxb1 Rb8 28. Qc2 Qd6 29. a4 Bb4 30. Bd2 a5 31. Nc3 d4 32. Ne2 c5 33. Bh3 Be6 34. g4 Qd7 35. Rg1 Kh7 36. Ng3 Bxd2 37. Qxd2 Qxa4 38. g5 Bxh3 39. gxf6 gxf6 40. Nh5 Rb7 41. Nxf6+ Kh8 42. Qxh6+ 1-0

[Event "Hessen-ch Seniors op 09th"]
[Site "Bad Sooden-Allendorf"]
[Date "2013.04.21"]
[Round "2"]
[White "Heinzel, Peter"]
[Black "Kynast, Reinhard"]
[Result "1-0"]
[WhiteElo "2059"]
[BlackElo "1924"]
[PlyCount "86"]
[EventDate "2013.04.20"]
[EventType "swiss"]
[EventRounds "9"]
[EventCountry "GER"]
[SourceTitle "EXT 2019"]
[Source "ChessBase"]
[SourceDate "2018.10.10"]
[SourceVersion "1"]
[SourceVersionDate "2018.10.10"]
[SourceQuality "1"]

1. b4 e5 2. Bb2 d6 3. c4 Nd7 4. e3 g6 5. Nc3 Bg7 6. Be2 Ne7 7. d3 0-0 8. Nf3 b6 9. Qc2 Bb7 10. 0-0 Rc8 11. a4 a5 12. b5 Nf5 13. Rad1 Re8 14. Ba3 Ne7 15. e4 Nc5 16. Bxc5 dxc5 17. Nd5 f6 18. Rb1 Qd6 19. g3 Rcd8 20. Rfe1 Bc8 21. Bf1 Kh8 22. Bg2 Rf8 23. Rf1 Be6 24. Nd2 Qd7 25. f3 Bh6 26. Rfe1 Rf7 27. Nf1 Nxd5 28. cxd5 Bh3 29. Ne3 Bxg2 30. Kxg2 Rdf8 31. Nc4 Rb8 32. Rf1 Qe7 33. Qe2 Bf8 34. f4 Qe8 35. fxe5 fxe5 36. Rxf7 Qxf7 37. Nxe5 Qg7 38. Nc4 Re8 39. Qb2 Bd6 40. Qxg7+ Kxg7 41. Rf1 Re7 42. Rf3 Be5 43. h3 Bd6 1-0

[Event "Hessen-ch Seniors op 09th"]
[Site "Bad Sooden-Allendorf"]
[Date "2013.04.20"]
[Round "1"]
[White "Kynast, Reinhard"]
[Black "Rychlik, Kurt"]
[Result "1/2-1/2"]
[WhiteElo "1924"]
[BlackElo "2103"]
[PlyCount "120"]
[EventDate "2013.04.20"]
[EventType "swiss"]
[EventRounds "9"]
[EventCountry "GER"]
[SourceTitle "EXT 2019"]
[Source "ChessBase"]
[SourceDate "2018.10.10"]
[SourceVersion "1"]
[SourceVersionDate "2018.10.10"]
[SourceQuality "1"]

1. c4 g6 2. Nc3 Bg7 3. d4 d6 4. e4 Nc6 5. Nf3 e5 6. d5 Nce7 7. Be2 Nf6 8. 0-0 0-0 9. Bg5 h6 10. Bh4 g5 11. Bg3 Nh5 12. h4 Nxg3 13. fxg3 g4 14. Nh2 h5 15. Bd3 f5 16. exf5 Bxf5 17. Qc2 Qd7 18. Ne4 Bh6 19. Qe2 Rf7 20. Rf2 Raf8 21. Raf1 a5 22. b3 Kg7 23. Qe1 b6 24. Qe2 Ng8 25. Rd1 a4 26. Nf1 axb3 27. axb3 Ra8 28. Ne3 Bg6 29. Rxf7+ Qxf7 30. Rf1 Qd7 31. Ng5 Bxg5 32. hxg5 e4 33. Bb1 Kh7 34. Nd1 Qe7 35. Qe3 Qe5 36. Nc3 Re8 37. Nb5 Re7 38. Nd4 Rf7 39. Rxf7+ Bxf7 40. Qxe4+ Qxe4 41. Bxe4+ Bg6 42. Bxg6+ Kxg6 43. Nb5 Kxg5 44. Nxc7 Nf6 45. Na8 Nd7 46. Kf2 Kf5 47. Ke3 Ke5 48. b4 b5 49. Kd3 bxc4+ 50. Kxc4 Ke4 51. b5 Ne5+ 52. Kb4 Kxd5 53. Nc7+ Ke4 54. b6 d5 55. Na6 d4 56. Nc5+ Kd5 57. Kb5 Nc6 58. Nd3 Nb8 59. b7 Ke4 60. Kc4 Ke3 1/2-1/2